[Event "EYCC 2024 - G16"]
[Site "?"]
[Date "2024.08.22"]
[Round "1.1"]
[White "Slusarczyk, Anna"]
[Black "Kavanova, Anezka"]
[Result "0-1"]
[BlackElo "1726"]
[WhiteElo "1997"]
[LiveChessVersion "1.4.8"]

1. d4 {[%clk 1:30:57]} d5 {[%clk 1:30:52]} 2. Nf3 {[%clk 1:31:22]} c5
{[%clk 1:31:08]} 3. dxc5 {[%clk 1:27:57]} Nf6 {[%clk 1:31:15]} 4. e3
{[%clk 1:26:07]} Nc6 {[%clk 1:30:28]} 5. a3 {[%clk 1:24:49]} a5 {[%clk 1:02:21]}
6. Bb5 {[%clk 1:20:55]} e6 {[%clk 1:01:47]} 7. c4 {[%clk 1:03:12]} Bd7
{[%clk 0:50:44]} 8. cxd5 {[%clk 0:58:14]} Nxd5 {[%clk 0:50:53]} 9. e4
{[%clk 0:50:02]} Nf6 {[%clk 0:37:47]} 10. Nc3 {[%clk 0:47:59]} Bxc5
{[%clk 0:37:08]} 11. O-O {[%clk 0:45:30]} O-O {[%clk 0:33:11]} 12. e5
{[%clk 0:30:31]} Ng4 {[%clk 0:23:49]} 13. Qe2 {[%clk 0:25:08]} f6
{[%clk 0:19:57]} 14. Qc4 {[%clk 0:24:29]} Bxf2+ {[%clk 0:17:32]} 15. Rxf2
{[%clk 0:22:55]} Nxf2 {[%clk 0:16:14]} 16. Kxf2 {[%clk 0:17:52]} Nxe5
{[%clk 0:13:01]} 17. Nxe5 {[%clk 0:10:07]} fxe5+ {[%clk 0:12:16]} 18. Ke1
{[%clk 0:08:27]} Bxb5 {[%clk 0:04:28]} 19. Qxb5 {[%clk 0:06:26]} Qh4+
{[%clk 0:04:24]} 20. Kd1 {[%clk 0:06:20]} Qf2 {[%clk 0:03:12]} 21. Qe2
{[%clk 0:03:24]} Qg1+ {[%clk 0:03:00]} 22. Kc2 {[%clk 0:03:47]} Rf2
{[%clk 0:03:22]} 23. Bd2 {[%clk 0:04:13]} Qxg2 {[%clk 0:02:50]} 24. Qd3
{[%clk 0:04:07]} e4 {[%clk 0:02:17]} 25. Nxe4 {[%clk 0:03:44]} Rc8+
{[%clk 0:01:11]} 26. Nc3 {[%clk 0:03:14]} b5 {[%clk 0:00:37]} 27. b4
{[%clk 0:03:11]} e5 {[%clk 0:00:34]} 28. Re1 {[%clk 0:02:35]} Qxh2
{[%clk 0:00:37]} 29. Qd7 {[%clk 0:01:36]} Rcf8 {[%clk 0:00:33]} 30. Qd5+
{[%clk 0:01:17]} Kh8 {[%clk 0:00:49]} 31. Rxe5 {[%clk 0:01:05]} Rxd2+
{[%clk 0:01:09]} 32. Qxd2 {[%clk 0:01:18]} Qxe5 {[%clk 0:01:33]} 33. bxa5
{[%clk 0:01:32]} Qc5 {[%clk 0:01:41]} 34. Kb3 {[%clk 0:01:47]} Qc4+
{[%clk 0:01:48]} 35. Kb2 {[%clk 0:02:10]} b4 {[%clk 0:02:09]} 36. axb4
{[%clk 0:01:04]} Qxb4+ {[%clk 0:02:33]} 37. Kc2 {[%clk 0:01:31]} Qxa5
{[%clk 0:02:52]} 0-1

[Event "EYCC 2024 - G16"]
[Site "?"]
[Date "2024.08.22"]
[Round "1.2"]
[White "Kotliar, Anfisa"]
[Black "Gkoutzouki, Aikaterini Argyro"]
[Result "0-1"]
[BlackElo "1986"]
[WhiteElo "1724"]
[LiveChessVersion "1.4.8"]

1. e4 {[%clk 1:30:58]} c5 {[%clk 1:30:51]} 2. Nc3 {[%clk 1:31:22]} Nc6
{[%clk 1:31:16]} 3. f4 {[%clk 1:31:39]} g6 {[%clk 1:31:36]} 4. g3
{[%clk 1:31:43]} Bg7 {[%clk 1:31:56]} 5. Bg2 {[%clk 1:31:56]} Rb8
{[%clk 1:30:59]} 6. d3 {[%clk 1:31:09]} b5 {[%clk 1:30:44]} 7. a3
{[%clk 1:29:35]} d6 {[%clk 1:27:15]} 8. Nf3 {[%clk 1:28:34]} Nf6 {[%clk 1:25:37]}
9. O-O {[%clk 1:25:48]} O-O {[%clk 1:25:31]} 10. h3 {[%clk 1:24:39]} e6
{[%clk 1:22:08]} 11. Be3 {[%clk 1:21:23]} Re8 {[%clk 1:16:20]} 12. Qd2
{[%clk 1:10:21]} a5 {[%clk 1:08:22]} 13. Ne2 {[%clk 0:43:51]} Nd7
{[%clk 0:59:21]} 14. c3 {[%clk 0:38:46]} b4 {[%clk 0:51:27]} 15. axb4
{[%clk 0:31:44]} axb4 {[%clk 0:50:43]} 16. f5 {[%clk 0:29:15]} exf5
{[%clk 0:41:37]} 17. exf5 {[%clk 0:28:08]} Qe7 {[%clk 0:40:20]} 18. Kf2
{[%clk 0:19:05]} bxc3 {[%clk 0:35:17]} 19. bxc3 {[%clk 0:09:31]} Rb2
{[%clk 0:33:03]} 20. Qc1 {[%clk 0:04:24]} Bxc3 {[%clk 0:29:16]} 21. Rd1
{[%clk 0:01:24]} Rxe2+ {[%clk 0:26:32]} 22. Kxe2 {[%clk 0:01:27]} Bxa1
{[%clk 0:26:56]} 23. Re1 {[%clk 0:00:36]} Bd4 {[%clk 0:24:54]} 24. Nxd4
{[%clk 0:00:42]} Nxd4+ {[%clk 0:21:27]} 25. Kf2 {[%clk 0:00:36]} Nxf5
{[%clk 0:21:24]} 26. Bd2 {[%clk 0:00:36]} Ne5 {[%clk 0:21:48]} 27. Qc3
{[%clk 0:00:35]} Bb7 {[%clk 0:21:23]} 28. Bxb7 {[%clk 0:00:36]} Qxb7
{[%clk 0:21:48]} 29. d4 {[%clk 0:00:48]} Nxd4 {[%clk 0:21:38]} 30. Re3
{[%clk 0:00:38]} Re6 {[%clk 0:21:30]} 31. Qa5 {[%clk 0:00:41]} Rf6+
{[%clk 0:20:53]} 32. Kg1 {[%clk 0:00:56]} Ndf3+ {[%clk 0:20:24]} 0-1

[Event "EYCC 2024 - G16"]
[Site "?"]
[Date "2024.08.22"]
[Round "1.3"]
[White "Westerhof, Fleur"]
[Black "Budagova, Leyla"]
[Result "1/2-1/2"]
[BlackElo "1717"]
[WhiteElo "1986"]
[LiveChessVersion "1.4.8"]

1. e4 {[%clk 1:30:57]} c5 {[%clk 1:30:56]} 2. Nf3 {[%clk 1:31:17]} Nc6
{[%clk 1:31:17]} 3. d4 {[%clk 1:31:35]} cxd4 {[%clk 1:31:24]} 4. Nxd4
{[%clk 1:31:58]} Nf6 {[%clk 1:31:11]} 5. Nc3 {[%clk 1:32:19]} e5 {[%clk 1:30:47]}
6. Ndb5 {[%clk 1:32:42]} d6 {[%clk 1:29:44]} 7. Bg5 {[%clk 1:33:03]} a6
{[%clk 1:30:02]} 8. Na3 {[%clk 1:33:13]} b5 {[%clk 1:30:01]} 9. Nd5
{[%clk 1:33:02]} Be7 {[%clk 1:30:18]} 10. Bxf6 {[%clk 1:32:35]} Bxf6
{[%clk 1:30:39]} 11. c3 {[%clk 1:32:53]} Ne7 {[%clk 1:29:29]} 12. Nxf6+
{[%clk 1:32:47]} gxf6 {[%clk 1:29:52]} 13. Nc2 {[%clk 1:32:14]} Bb7
{[%clk 1:30:01]} 14. f3 {[%clk 1:26:13]} f5 {[%clk 1:23:54]} 15. Bd3
{[%clk 1:18:33]} fxe4 {[%clk 1:11:30]} 16. fxe4 {[%clk 1:17:30]} d5
{[%clk 0:56:52]} 17. Qf3 {[%clk 1:13:41]} dxe4 {[%clk 0:45:59]} 18. Bxe4
{[%clk 1:13:47]} Bxe4 {[%clk 0:45:54]} 19. Qxe4 {[%clk 1:13:58]} Qd5
{[%clk 0:44:12]} 20. Qxd5 {[%clk 1:08:41]} Nxd5 {[%clk 0:44:28]} 21. O-O-O
{[%clk 1:07:57]} O-O-O {[%clk 0:44:48]} 22. g3 {[%clk 1:05:49]} f5
{[%clk 0:42:53]} 23. Rhe1 {[%clk 1:02:41]} Rhe8 {[%clk 0:41:01]} 24. Ne3
{[%clk 1:00:49]} Nxe3 {[%clk 0:39:45]} 25. Rxe3 {[%clk 0:59:56]} Rxd1+
{[%clk 0:40:07]} 26. Kxd1 {[%clk 1:00:10]} e4 {[%clk 0:39:16]} 27. Re1
{[%clk 0:54:44]} Kd7 {[%clk 0:36:21]} 28. Ke2 {[%clk 0:54:11]} Ke6
{[%clk 0:32:44]} 29. Rd1 {[%clk 0:52:35]} h5 {[%clk 0:32:03]} 30. Ke3
{[%clk 0:50:16]} Rg8 {[%clk 0:29:39]} 31. a4 {[%clk 0:42:27]} h4 {[%clk 0:13:37]}
32. axb5 {[%clk 0:37:12]} axb5 {[%clk 0:14:03]} 33. Kf2 {[%clk 0:29:50]} hxg3+
{[%clk 0:13:00]} 34. hxg3 {[%clk 0:30:14]} Rh8 {[%clk 0:12:43]} 35. Kg2
{[%clk 0:26:17]} b4 {[%clk 0:08:03]} 36. Ra1 {[%clk 0:19:39]} bxc3
{[%clk 0:07:53]} 37. bxc3 {[%clk 0:20:04]} Rc8 {[%clk 0:07:49]} 38. Ra6+
{[%clk 0:18:21]} Ke5 {[%clk 0:08:13]} 39. Ra5+ {[%clk 0:18:38]} Kf6
{[%clk 0:08:37]} 40. g4 {[%clk 0:15:12]} fxg4 {[%clk 0:08:54]} 41. Kg3
{[%clk 0:15:11]} Rg8 {[%clk 0:06:44]} 42. Kf4 {[%clk 0:12:01]} 1/2-1/2

[Event "EYCC 2024 - G16"]
[Site "?"]
[Date "2024.08.22"]
[Round "1.4"]
[White "Nordahl, Christine"]
[Black "Omeri, Eklea"]
[Result "0-1"]
[BlackElo "1962"]
[WhiteElo "1717"]
[LiveChessVersion "1.4.8"]

1. d4 {[%clk 1:30:57]} d5 {[%clk 1:30:36]} 2. c4 {[%clk 1:31:09]} c6
{[%clk 1:30:53]} 3. Nc3 {[%clk 1:30:49]} Nf6 {[%clk 1:31:10]} 4. Nf3
{[%clk 1:30:26]} g6 {[%clk 1:31:21]} 5. cxd5 {[%clk 1:30:06]} cxd5
{[%clk 1:31:25]} 6. Bf4 {[%clk 1:29:19]} Bg7 {[%clk 1:31:09]} 7. e3
{[%clk 1:29:06]} O-O {[%clk 1:31:20]} 8. h3 {[%clk 1:28:47]} Nc6 {[%clk 1:29:15]}
9. Bd3 {[%clk 1:26:58]} a6 {[%clk 1:28:56]} 10. a4 {[%clk 1:23:37]} Re8
{[%clk 1:27:28]} 11. Ne5 {[%clk 1:19:33]} Qb6 {[%clk 1:21:52]} 12. Qd2
{[%clk 1:13:02]} Be6 {[%clk 1:11:14]} 13. O-O {[%clk 1:11:23]} Nh5
{[%clk 1:09:12]} 14. a5 {[%clk 0:58:02]} Nxa5 {[%clk 0:55:08]} 15. Na4
{[%clk 0:56:53]} Qd8 {[%clk 0:51:13]} 16. Nc5 {[%clk 0:54:31]} Nxf4
{[%clk 0:44:48]} 17. exf4 {[%clk 0:54:39]} Bxe5 {[%clk 0:43:41]} 18. fxe5
{[%clk 0:54:39]} b6 {[%clk 0:41:35]} 19. Nxe6 {[%clk 0:53:08]} fxe6
{[%clk 0:41:56]} 20. Qf4 {[%clk 0:52:34]} Kg7 {[%clk 0:28:17]} 21. b4
{[%clk 0:48:11]} Nc4 {[%clk 0:28:24]} 22. Qg4 {[%clk 0:45:43]} Qc8
{[%clk 0:21:38]} 23. h4 {[%clk 0:44:08]} Rg8 {[%clk 0:20:31]} 24. h5
{[%clk 0:44:03]} Kf7 {[%clk 0:20:06]} 25. hxg6+ {[%clk 0:39:54]} hxg6
{[%clk 0:20:26]} 26. Qh4 {[%clk 0:40:11]} Rh8 {[%clk 0:18:35]} 27. Qg4
{[%clk 0:38:57]} Rh6 {[%clk 0:18:32]} 28. Qf4+ {[%clk 0:37:09]} Kg7
{[%clk 0:18:56]} 29. Qg5 {[%clk 0:36:01]} Ra7 {[%clk 0:16:30]} 30. b5
{[%clk 0:32:40]} a5 {[%clk 0:16:48]} 31. Rfc1 {[%clk 0:32:27]} Rc7
{[%clk 0:15:47]} 32. Ra2 {[%clk 0:30:19]} Qh8 {[%clk 0:14:58]} 33. f3
{[%clk 0:29:58]} Rh1+ {[%clk 0:14:58]} 34. Kf2 {[%clk 0:30:15]} Rxc1
{[%clk 0:15:08]} 35. Qxc1 {[%clk 0:30:36]} Qh4+ {[%clk 0:15:33]} 36. Kg1
{[%clk 0:29:51]} Qxd4+ {[%clk 0:15:45]} 37. Kh1 {[%clk 0:30:07]} Qxd3
{[%clk 0:15:53]} 0-1

[Event "EYCC 2024 - G16"]
[Site "?"]
[Date "2024.08.22"]
[Round "1.5"]
[White "Haug, Mara"]
[Black "Dominikova, Denisa"]
[Result "1-0"]
[BlackElo "1704"]
[WhiteElo "1958"]
[LiveChessVersion "1.4.8"]

1. e4 {[%clk 1:30:57]} e5 {[%clk 1:30:49]} 2. Nc3 {[%clk 1:31:18]} Nf6
{[%clk 1:31:01]} 3. g3 {[%clk 1:31:44]} d5 {[%clk 1:31:01]} 4. exd5
{[%clk 1:32:08]} Nxd5 {[%clk 1:31:16]} 5. Bg2 {[%clk 1:32:36]} Nxc3
{[%clk 1:31:16]} 6. bxc3 {[%clk 1:33:04]} Nc6 {[%clk 1:30:56]} 7. Nf3
{[%clk 1:32:39]} Bc5 {[%clk 1:30:10]} 8. O-O {[%clk 1:32:48]} O-O
{[%clk 1:29:40]} 9. d3 {[%clk 1:33:07]} h6 {[%clk 1:28:45]} 10. Nd2
{[%clk 1:31:28]} Bb6 {[%clk 1:20:20]} 11. Nc4 {[%clk 1:28:12]} Qf6
{[%clk 1:10:36]} 12. Qh5 {[%clk 1:20:11]} Re8 {[%clk 1:08:35]} 13. a4
{[%clk 1:12:09]} Bf5 {[%clk 0:59:38]} 14. a5 {[%clk 1:03:43]} Bg6
{[%clk 0:55:33]} 15. Qf3 {[%clk 0:53:42]} Qxf3 {[%clk 0:55:10]} 16. Bxf3
{[%clk 0:54:10]} Bc5 {[%clk 0:54:00]} 17. Re1 {[%clk 0:50:12]} e4
{[%clk 0:40:59]} 18. dxe4 {[%clk 0:42:31]} a6 {[%clk 0:34:38]} 19. Bf4
{[%clk 0:41:02]} Re7 {[%clk 0:33:19]} 20. Re2 {[%clk 0:33:18]} Na7
{[%clk 0:30:27]} 21. Be3 {[%clk 0:27:57]} Bxe3 {[%clk 0:28:35]} 22. Rxe3
{[%clk 0:28:24]} Nb5 {[%clk 0:25:22]} 23. Bg2 {[%clk 0:24:25]} Rd8
{[%clk 0:21:19]} 24. f4 {[%clk 0:19:53]} c6 {[%clk 0:17:48]} 25. Rc1
{[%clk 0:14:52]} Kf8 {[%clk 0:14:09]} 26. g4 {[%clk 0:13:57]} f6 {[%clk 0:13:06]}
27. Rd3 {[%clk 0:10:51]} Rde8 {[%clk 0:12:28]} 28. Nd2 {[%clk 0:10:37]} Bf7
{[%clk 0:11:09]} 29. c4 {[%clk 0:09:06]} Nc7 {[%clk 0:10:49]} 30. f5
{[%clk 0:08:38]} Re5 {[%clk 0:09:00]} 31. Ra1 {[%clk 0:04:43]} Rc5
{[%clk 0:07:49]} 32. Ra4 {[%clk 0:04:48]} Ke7 {[%clk 0:06:52]} 33. Rc3
{[%clk 0:03:17]} Rd8 {[%clk 0:06:27]} 34. Nb3 {[%clk 0:03:10]} Re5
{[%clk 0:06:02]} 35. Rb4 {[%clk 0:03:18]} Rb8 {[%clk 0:05:27]} 36. Ra4
{[%clk 0:02:58]} c5 {[%clk 0:04:51]} 37. Nc1 {[%clk 0:03:03]} Kd6
{[%clk 0:04:22]} 38. Nd3 {[%clk 0:03:02]} Re7 {[%clk 0:04:02]} 39. Rb3
{[%clk 0:03:26]} Be8 40. Ra1 {[%clk 0:03:15]} Bc6 {[%clk 0:03:10]} 41. Rd1
{[%clk 0:03:07]} Ne8 {[%clk 0:02:53]} 42. Nf4+ {[%clk 0:02:41]} Kc7
{[%clk 0:03:00]} 43. Ne6+ {[%clk 0:03:08]} Rxe6 {[%clk 0:02:39]} 44. fxe6
{[%clk 0:03:37]} Nd6 {[%clk 0:02:36]} 45. e5 {[%clk 0:03:27]} fxe5
{[%clk 0:02:35]} 46. Bxc6 {[%clk 0:03:52]} Kxc6 {[%clk 0:02:08]} 47. Rb6+
{[%clk 0:04:14]} Kc7 {[%clk 0:02:24]} 48. Rdxd6 {[%clk 0:04:42]} 1-0

[Event "EYCC 2024 - G16"]
[Site "?"]
[Date "2024.08.22"]
[Round "1.6"]
[White "Haapsal, Maria Ioanna"]
[Black "Wojs, Alicja"]
[Result "0-1"]
[BlackElo "1953"]
[WhiteElo "1704"]
[LiveChessVersion "1.4.8"]

1. e4 {[%clk 1:30:57]} c5 {[%clk 1:30:54]} 2. Nf3 {[%clk 1:31:09]} e6
{[%clk 1:31:15]} 3. d4 {[%clk 1:31:14]} cxd4 {[%clk 1:31:38]} 4. Nxd4
{[%clk 1:31:38]} Nc6 {[%clk 1:31:54]} 5. Nc3 {[%clk 1:30:05]} Qc7
{[%clk 1:31:31]} 6. a3 {[%clk 1:23:51]} a6 {[%clk 1:31:07]} 7. Be3
{[%clk 1:23:37]} b5 {[%clk 1:29:21]} 8. Be2 {[%clk 1:17:47]} Bb7 {[%clk 1:28:53]}
9. f4 {[%clk 1:13:28]} Nf6 {[%clk 1:27:16]} 10. Bf3 {[%clk 1:00:25]} d6
{[%clk 1:19:33]} 11. O-O {[%clk 0:57:53]} Be7 {[%clk 1:17:58]} 12. Nxc6
{[%clk 0:50:48]} Bxc6 {[%clk 1:16:27]} 13. Qd3 {[%clk 0:47:59]} O-O
{[%clk 1:12:36]} 14. Kh1 {[%clk 0:39:49]} Rac8 {[%clk 1:06:55]} 15. Rad1
{[%clk 0:33:18]} Rfd8 {[%clk 1:01:39]} 16. Rfe1 {[%clk 0:31:45]} Ba8
{[%clk 0:59:21]} 17. Rd2 {[%clk 0:27:52]} Nd7 {[%clk 0:55:19]} 18. g4
{[%clk 0:20:30]} Nc5 {[%clk 0:49:15]} 19. Qe2 {[%clk 0:19:00]} Bf6
{[%clk 0:47:58]} 20. Bd4 {[%clk 0:17:35]} Bxd4 {[%clk 0:46:30]} 21. Rxd4
{[%clk 0:17:59]} Nd7 {[%clk 0:44:56]} 22. Red1 {[%clk 0:16:19]} Nb6
{[%clk 0:42:44]} 23. a4 {[%clk 0:15:02]} Nc4 {[%clk 0:40:15]} 24. Rb1
{[%clk 0:09:28]} b4 {[%clk 0:35:33]} 25. Nd1 {[%clk 0:07:35]} a5 {[%clk 0:33:59]}
26. b3 {[%clk 0:05:42]} Nb6 {[%clk 0:32:28]} 27. Ne3 {[%clk 0:05:57]} Qc5
{[%clk 0:29:13]} 28. Rd2 {[%clk 0:03:21]} Rc7 {[%clk 0:25:16]} 29. f5
{[%clk 0:02:09]} Rcd7 {[%clk 0:23:18]} 30. g5 {[%clk 0:01:45]} d5
{[%clk 0:19:31]} 31. exd5 {[%clk 0:00:53]} exf5 {[%clk 0:17:22]} 32. Nxf5
{[%clk 0:00:43]} Bxd5 {[%clk 0:13:55]} 33. Bxd5 {[%clk 0:00:45]} Nxd5
{[%clk 0:14:18]} 34. Rbd1 {[%clk 0:00:38]} h6 {[%clk 0:02:03]} 35. Rxd5
{[%clk 0:00:37]} Rxd5 {[%clk 0:02:28]} 36. Ne7+ {[%clk 0:01:04]} Kf8
{[%clk 0:02:40]} 37. Nxd5 {[%clk 0:00:58]} Rxd5 {[%clk 0:03:06]} 38. gxh6
{[%clk 0:00:57]} gxh6 {[%clk 0:03:19]} 39. Rxd5 {[%clk 0:00:40]} Qxd5+
{[%clk 0:03:48]} 40. Kg1 {[%clk 0:01:09]} f5 {[%clk 0:02:47]} 41. Qc4
{[%clk 0:00:40]} Qxc4 {[%clk 0:02:09]} 42. bxc4 {[%clk 0:01:04]} Ke7
{[%clk 0:02:35]} 43. Kf2 {[%clk 0:01:08]} Kd6 {[%clk 0:03:04]} 44. Ke3
{[%clk 0:00:36]} Kc5 {[%clk 0:03:29]} 45. Kd3 {[%clk 0:00:37]} f4
{[%clk 0:03:53]} 46. h4 {[%clk 0:00:45]} f3 {[%clk 0:04:12]} 47. Ke3
{[%clk 0:00:51]} Kxc4 {[%clk 0:04:34]} 48. Kxf3 {[%clk 0:01:16]} Kc3
{[%clk 0:04:59]} 49. Kg4 {[%clk 0:01:41]} Kxc2 {[%clk 0:05:22]} 50. Kh5
{[%clk 0:02:08]} b3 {[%clk 0:05:44]} 51. Kxh6 {[%clk 0:02:34]} b2
{[%clk 0:06:12]} 52. h5 {[%clk 0:02:56]} b1=Q 53. Kg7 {[%clk 0:03:21]} Qb7+
{[%clk 0:06:55]} 54. Kg6 {[%clk 0:03:42]} Qc8 {[%clk 0:07:15]} 55. Kg7
{[%clk 0:03:53]} Qd7+ {[%clk 0:07:39]} 0-1

[Event "EYCC 2024 - G16"]
[Site "?"]
[Date "2024.08.22"]
[Round "1.7"]
[White "Bat, Anu"]
[Black "Rusu, Anastasia"]
[Result "1-0"]
[BlackElo "1695"]
[WhiteElo "1948"]
[LiveChessVersion "1.4.8"]

1. d4 {[%clk 1:30:55]} d5 {[%clk 1:30:55]} 2. Nf3 {[%clk 1:31:17]} Nf6
{[%clk 1:31:16]} 3. e3 {[%clk 1:31:35]} Bf5 {[%clk 1:31:38]} 4. Bd3
{[%clk 1:31:08]} Bxd3 {[%clk 1:31:24]} 5. Qxd3 {[%clk 1:30:39]} c6
{[%clk 1:30:37]} 6. O-O {[%clk 1:30:32]} e6 {[%clk 1:30:50]} 7. Nbd2
{[%clk 1:30:08]} Nbd7 {[%clk 1:29:02]} 8. c4 {[%clk 1:22:15]} Qc7
{[%clk 1:20:33]} 9. e4 {[%clk 1:16:06]} dxe4 {[%clk 1:19:22]} 10. Nxe4
{[%clk 1:16:25]} Nxe4 {[%clk 1:19:13]} 11. Qxe4 {[%clk 1:16:41]} Nf6
{[%clk 1:19:25]} 12. Qe2 {[%clk 1:15:43]} Be7 {[%clk 1:14:51]} 13. b3
{[%clk 1:14:27]} O-O {[%clk 1:12:41]} 14. Bb2 {[%clk 1:14:46]} Qf4
{[%clk 1:10:31]} 15. Rad1 {[%clk 1:02:10]} Rfd8 {[%clk 1:06:14]} 16. Rd3
{[%clk 0:56:19]} a5 {[%clk 0:41:00]} 17. Ne5 {[%clk 0:51:22]} Qf5
{[%clk 0:30:10]} 18. h3 {[%clk 0:40:54]} a4 {[%clk 0:13:47]} 19. g4
{[%clk 0:27:59]} Qg5 {[%clk 0:11:13]} 20. Bc1 {[%clk 0:19:32]} Qh4
{[%clk 0:11:02]} 21. Kg2 {[%clk 0:18:38]} Nd7 {[%clk 0:10:32]} 22. Nf3
{[%clk 0:18:26]} Qf6 {[%clk 0:10:57]} 23. Bg5 {[%clk 0:18:45]} Qg6
{[%clk 0:08:23]} 24. Bxe7 {[%clk 0:19:10]} Re8 {[%clk 0:08:23]} 25. Bh4
{[%clk 0:15:46]} Nf6 {[%clk 0:05:30]} 26. Bxf6 {[%clk 0:15:29]} gxf6
{[%clk 0:04:56]} 27. Qe3 {[%clk 0:14:42]} Ra5 {[%clk 0:02:46]} 28. b4
{[%clk 0:14:37]} Rh5 {[%clk 0:01:44]} 29. Ne1 {[%clk 0:11:43]} Kh8
{[%clk 0:01:40]} 30. Qg3 {[%clk 0:09:25]} Rg8 {[%clk 0:01:46]} 31. Kh2
{[%clk 0:07:05]} Qe4 {[%clk 0:01:02]} 32. Qf3 {[%clk 0:06:11]} 1-0

[Event "EYCC 2024 - G16"]
[Site "?"]
[Date "2024.08.22"]
[Round "1.8"]
[White "Mendelova, Adela"]
[Black "Bruntse, Kathrine Lindegaard"]
[Result "0-1"]
[BlackElo "1945"]
[WhiteElo "1691"]
[LiveChessVersion "1.4.8"]

1. e4 {[%clk 1:30:59]} c5 {[%clk 1:30:58]} 2. Nf3 {[%clk 1:31:25]} e6
{[%clk 1:31:21]} 3. b3 {[%clk 1:31:51]} Nc6 {[%clk 1:31:24]} 4. Bb2
{[%clk 1:32:16]} Nf6 {[%clk 1:31:30]} 5. e5 {[%clk 1:32:40]} Nd5 {[%clk 1:31:36]}
6. g3 {[%clk 1:32:55]} b6 {[%clk 1:29:51]} 7. Bg2 {[%clk 1:25:31]} Bb7
{[%clk 1:26:22]} 8. O-O {[%clk 1:22:08]} Be7 {[%clk 1:22:26]} 9. Re1
{[%clk 1:21:45]} O-O {[%clk 1:22:15]} 10. d4 {[%clk 1:10:42]} Nc7
{[%clk 1:14:46]} 11. dxc5 {[%clk 0:55:49]} Bxc5 {[%clk 1:05:50]} 12. Nbd2
{[%clk 0:51:05]} d5 {[%clk 0:55:27]} 13. exd6 {[%clk 0:49:04]} Bxd6
{[%clk 0:55:11]} 14. c4 {[%clk 0:31:33]} Rc8 {[%clk 0:39:22]} 15. a3
{[%clk 0:24:18]} a5 {[%clk 0:37:11]} 16. Ne4 {[%clk 0:19:35]} Be7
{[%clk 0:35:25]} 17. Qc2 {[%clk 0:19:20]} Ne8 {[%clk 0:16:52]} 18. Rad1
{[%clk 0:16:40]} Qc7 {[%clk 0:17:14]} 19. Neg5 {[%clk 0:15:17]} g6
{[%clk 0:17:16]} 20. Ne4 {[%clk 0:12:48]} f6 {[%clk 0:14:07]} 21. Bh3
{[%clk 0:08:58]} Ng7 {[%clk 0:13:13]} 22. Bc3 {[%clk 0:06:52]} Rcd8
{[%clk 0:08:58]} 23. Qb2 {[%clk 0:07:05]} e5 {[%clk 0:08:09]} 24. Bg2
{[%clk 0:04:08]} Ne6 {[%clk 0:05:17]} 25. b4 {[%clk 0:03:13]} axb4
{[%clk 0:04:44]} 26. axb4 {[%clk 0:03:35]} Kf7 {[%clk 0:04:11]} 27. b5
{[%clk 0:01:39]} Nb8 {[%clk 0:03:55]} 28. Bb4 {[%clk 0:00:46]} Rxd1
{[%clk 0:03:34]} 29. Rxd1 {[%clk 0:00:36]} Bxb4 {[%clk 0:03:32]} 30. Qxb4
{[%clk 0:00:44]} Bxe4 {[%clk 0:03:53]} 0-1

[Event "EYCC 2024 - G16"]
[Site "?"]
[Date "2024.08.22"]
[Round "1.9"]
[White "Natoli, Alessia"]
[Black "Cherix, Lily"]
[Result "1-0"]
[BlackElo "1689"]
[WhiteElo "1944"]
[LiveChessVersion "1.4.8"]

1. e4 {[%clk 1:30:58]} e5 {[%clk 1:30:51]} 2. Nf3 {[%clk 1:31:22]} Nc6
{[%clk 1:31:08]} 3. Nc3 {[%clk 1:31:27]} Nf6 {[%clk 1:31:27]} 4. a3
{[%clk 1:31:53]} d5 {[%clk 1:31:21]} 5. Bb5 {[%clk 1:30:33]} Nxe4
{[%clk 1:30:30]} 6. Qe2 {[%clk 1:26:43]} Bf5 {[%clk 1:24:58]} 7. Nxe5
{[%clk 1:22:13]} Qf6 {[%clk 1:23:21]} 8. Nxc6 {[%clk 1:14:01]} bxc6
{[%clk 1:22:45]} 9. Nxd5 {[%clk 1:11:51]} Qd6 {[%clk 1:20:41]} 10. Ne3
{[%clk 1:08:39]} Bd7 {[%clk 1:14:16]} 11. Bc4 {[%clk 1:04:10]} Be7
{[%clk 1:12:43]} 12. d3 {[%clk 1:01:54]} Nf6 {[%clk 1:08:45]} 13. O-O
{[%clk 1:00:05]} O-O {[%clk 1:08:09]} 14. Qf3 {[%clk 0:58:16]} Qd4
{[%clk 0:57:50]} 15. Nf5 {[%clk 0:52:57]} Bxf5 {[%clk 0:56:44]} 16. Qxf5
{[%clk 0:53:14]} Bd6 {[%clk 0:55:56]} 17. c3 {[%clk 0:49:16]} Qh4
{[%clk 0:54:10]} 18. g3 {[%clk 0:47:40]} Qg4 {[%clk 0:51:58]} 19. Qxg4
{[%clk 0:45:47]} Nxg4 {[%clk 0:52:16]} 20. d4 {[%clk 0:44:28]} c5
{[%clk 0:49:43]} 21. h3 {[%clk 0:42:46]} Nf6 {[%clk 0:49:10]} 22. Be3
{[%clk 0:41:36]} Rfe8 {[%clk 0:44:08]} 23. Rfe1 {[%clk 0:38:29]} Ne4
{[%clk 0:40:48]} 24. Bd5 {[%clk 0:34:56]} Rab8 {[%clk 0:37:21]} 25. Bxe4
{[%clk 0:32:58]} Rxe4 {[%clk 0:37:24]} 26. dxc5 {[%clk 0:32:28]} Bf8
{[%clk 0:32:39]} 27. b4 {[%clk 0:31:04]} c6 {[%clk 0:25:19]} 28. Bf4
{[%clk 0:27:59]} Rxe1+ {[%clk 0:22:38]} 29. Rxe1 {[%clk 0:28:17]} Rd8
{[%clk 0:22:56]} 30. Kg2 {[%clk 0:26:56]} f6 {[%clk 0:18:57]} 31. Re6
{[%clk 0:24:58]} Rc8 {[%clk 0:19:12]} 32. Bd6 {[%clk 0:21:48]} Kf7
{[%clk 0:16:05]} 33. Re4 {[%clk 0:21:43]} Bxd6 {[%clk 0:15:59]} 34. cxd6
{[%clk 0:22:03]} Rd8 {[%clk 0:13:17]} 35. Re7+ {[%clk 0:22:17]} Kf8
{[%clk 0:13:32]} 36. Rxa7 {[%clk 0:22:19]} Rxd6 {[%clk 0:13:52]} 37. c4
{[%clk 0:22:14]} 1-0